Pnictogen Elements - Statistics

General Stats
  • This quiz has been taken 60 times
  • The average score is 5 of 6
Answer Stats
Symbol Element % Correct
N Nitrogen
100%
P Phosphorus
98%
As Arsenic
96%
Bi Bismuth
90%
Sb Antimony
88%
Mc Moscovium
71%
No matching quizzes found
Score Distribution
Percent of People with Each Score
Percentile by Number Answered
Your Score History
You have not taken this quiz